| 000 | 00847nam a2200217Ia 4500 | ||
|---|---|---|---|
| 999 |
_c57407 _d57407 |
||
| 003 | GCL | ||
| 005 | 20240530105845.0 | ||
| 008 | 140319s9999 xx 000 0 ara d | ||
| 040 |
_aGCL / _cGCL |
||
| 082 | 0 | 4 |
_a005.3 _bا و |
| 100 | 1 | _aاجنولا ، ميشيل | |
| 245 | 1 | 0 |
_aالوسائط المتعددة وتطبيقاتها فى الاعلام والثقافة والتربية / _cميشيل اجنولا ؛ ترجمة نصرالدين لعياضى ، الصادق رابح |
| 260 |
_aالقاهرة : _bدار الكتاب الجامعى ، _c2004 |
||
| 300 |
_a199ص ؛ _c25 سم |
||
| 650 | 0 | 4 | _aالاعلام |
| 650 | 0 | 4 | _aوسائل الاعلام |
| 650 | 0 | 4 | _aالوسائل السمعية والبصرية |
| 650 | 0 | 4 | _aالاقراص الممغنطة |
| 650 | 0 | 4 | _aالوسائط المتعددة |
| 942 |
_2ddc _cBK |
||